000 00857nam a2200253Ia 4500
003 OSt
005 20221005103717.0
006 a|||||r|||| 00| 0
007 ta
008 221004b |||||||| |||| 00| 0 hin d
024 _a32387
037 _cTextual
040 _aCRL
_cCRL
_bhin
041 _2hin
_ahin
082 _aO152,1w, M0
100 _aगुप्त, शान्तिस्वरूप
245 0 _aहिन्दी के श्रेष्ठ काव्य
246 _aHindī ke shreṣhṭha kāvya
260 _aदिल्ली
_bअशोक प्रकाशन भारत
_c1980
300 _a400पृ.
_ccm.
650 _aहिन्दी साहित्य
942 _hO152,1w, M0
_cTEXL
_2cc
999 _c1010708
_d1010708